U.S. City Flags - Hard - Statistics

General Stats
  • This quiz has been taken 18 times
  • The average score is 13 of 20
Answer Stats
Picture Answer % Correct
Chicago
100%
New York City
100%
Washington D.C.
100%
Denver
88%
Los Angeles
82%
Miami
82%
Dallas
71%
Phoenix
71%
Boston
65%
Saint Louis
59%
Atlanta
53%
San Diego
53%
Jacksonville
47%
Philadelphia
47%
San Francisco
47%
Cincinnati
41%
Milwaukee
41%
Salt Lake City
41%
Nashville
35%
Virginia Beach
29%
No matching quizzes found
Score Distribution
Percent of People with Each Score
Percentile by Number Answered
Your Score History
You have not taken this quiz